Catálogo
 En Linea

Pertenencia y alteridad : (Registro nro. 36715)

Detalles MARC
000 -CABECERA
campo de control de longitud fija 00756nam a2200193 a 4500
001 - NÚMERO DE CONTROL
campo de control 000037225
005 - FECHA Y HORA DE LA ÚLTIMA TRANSACCIÓN
campo de control 20200930080224.0
008 - DATOS DE LONGITUD FIJA--INFORMACIÓN GENERAL
campo de control de longitud fija 120309s2011 dr 000 0 spa d
020 ## - NÚMERO INTERNACIONAL ESTÁNDAR DEL LIBRO
Número Internacional Estándar del Libro 9788484895183
040 ## - FUENTE DE LA CATALOGACIÓN
Centro catalogador/agencia de origen DO-SdBNP
Lengua de catalogación spa
Centro/agencia transcriptor BNPHU
245 00 - MENCIÓN DE TÍTULO
Título Pertenencia y alteridad :
Resto del título judíos en/de América Latina : cuarenta años de cambios /
Mención de responsabilidad, etc. Haim Avni ... [et al.] (coordinadores) ; traducción y supervisión de estilo, Florinda F. Goldberg.
260 ## - PUBLICACIÓN, DISTRIBUCIÓN, ETC.
Lugar de publicación, distribución, etc. Madrid :
Nombre del editor, distribuidor, etc. Iberoamericana ; Frankfurt am Main : Vervuert ; México, D. F. onilla Artigas,
Fecha de publicación, distribución, etc. 2011.
300 ## - DESCRIPCIÓN FÍSICA
Extensión 870 p. ;
Dimensiones 24 cm.
490 1# - MENCIÓN DE SERIE
Mención de serie Tiempo emulad
Designación de volumen o secuencia 13
500 ## - NOTA GENERAL
Nota general Índices
700 1# - PUNTO DE ACCESO ADICIONAL--NOMBRE DE PERSONA
Nombre de persona Avni, Haim
9 (RLIN) 63636
700 1# - PUNTO DE ACCESO ADICIONAL--NOMBRE DE PERSONA
Nombre de persona Goldberg, Florinda F.
9 (RLIN) 63637
830 #0 - PUNTO DE ACCESO ADICIONAL DE SERIE-TÍTULO UNIFORME
Título uniforme Tiempo emulado
Designación de volumen o secuencia 13
9 (RLIN) 63638
Existencias
Estado de retiro Estado de pérdida No para préstamo Código de colección Localización permanente Ubicación/localización actual Ubicación en estantería Fecha de adquisición Número de inventario Total de préstamos Signatura topográfica completa Código de barras Fecha visto por última vez Precio válido a partir de Tipo de ítem Koha
    Excluido de préstamo Patrimonio Dominicano General General En catalogación 09.03.2012 LF1   37225-10 25.06.2020 25.06.2020 Libro y Folleto Colección Patrimonio Dominicano

Con tecnología Koha